İSTANBUL HAKKINDA HER ŞEY. (Record no. 6641)

MARC details
000 -BAŞLIK
Sabit Uzunluktaki Kontrol Alanı 00444nam a22001817a 4500
003 - KONTROL NUMARASI KİMLİĞİ
Kontrol Alanı koha_MIRAKIL
005 - EN SON İŞLEM TARİHİ ve ZAMANI
Kontrol Alanı 20231213095622.0
008 - SABİT UZUNLUKTAKİ VERİ ÖGELERİ - GENEL BİLGİ
Sabit Alan 231213b |||||||| |||| 00| 0 ||| d
020 ## - ISBN - ULUSLARARASI STANDART KİTAP NUMARASI
-- 978-9-75230709-4
040 ## - KATALOGLAMA KAYNAĞI
Özgün Kataloglama Kurumu TR-IsEVY
Kataloglama Dili tur
Çeviri Kurumu TR-IsEVY
082 ## - DEWEY ONU SINIFLAMA SİSTEMİ
Sınıflama Numarası 910 TON/İ
100 ## - KİŞİ ADI
Yazar Adı (Kişi adı) TONGUÇ, SAFFET EMRE.
245 #0 - ESER ADI BİLDİRİMİ
Başlık İSTANBUL HAKKINDA HER ŞEY.
260 ## - YAYIN, DAĞITIM, VB.
Yayınevi Boyut,
Yayın Tarihi 2012
300 ## - FİZİKSEL TANIMLAMA
Sayfa, Cilt vb. 614.
650 ## - KONU BAŞLIĞI EK GİRİŞ - KONU TERİMİ
Konusal terim veya coğrafi ad Coğrafya.
942 ## - EK GİRİŞ ÖGELERİ (KOHA)
Source of classification or shelving scheme Dewey Decimal Classification
Koha item type Kitap
Holdings
Kayıp Durumu Sınıflandırma Kaynağı Hasarlı Durumu Kalıcı Konum Mevcut Konum Kayıt Tarih Edinim Kaynağı Yer Numarası Demirbaş Numarası Son Görülme Tarihi Fatura Tarihi Materyal Türü
  Dewey Decimal Classification   LİSE KÜTÜPHANESİ LİSE KÜTÜPHANESİ 15/01/2014 Bağış 910 TON/İ 06820 13/12/2023 10/09/2019 Kitap